| 000 | 00767nam a22002297a 4500 | ||
|---|---|---|---|
| 003 | OSt | ||
| 005 | 20260530115317.0 | ||
| 008 | 260507b1973 mx a|||| |||| 00| 0 spa d | ||
| 040 |
_aICI _bspa _cICI |
||
| 041 | _aspa | ||
| 050 |
_aHN790.G6 _bF37 1982 |
||
| 100 | 1 |
_aFathy, Hassan, _eautor _933882 |
|
| 240 | 1 | 0 |
_aArchitecture for the poor. _lEspañol |
| 245 | 1 | 0 |
_aArquitectura para los pobres / _cHassan fathy ; traducción de Ricardo Reyes |
| 250 | _a2 | ||
| 300 | _a263 páginas | ||
| 500 | _aTraduccion de: Architecture for the poor: an experiment in rural Egypt | ||
| 650 | 0 |
_aDesarrollo de la comunidad _zEgipto _zGourma _933883 |
|
| 651 |
_aGourma (Egipto) _xCondiciones sociales _933884 |
||
| 700 | 1 |
_aReyes, Ricardo, _etraductor _933885 |
|
| 942 |
_2lcc _cBK _n1 |
||
| 999 |
_c13634 _d13634 |
||